Kansas rocks and minerals (Record no. 28365)

MARC details
000 -LEADER
fixed length control field 00822cam a22002891 4500
001 - CONTROL NUMBER
control field gs 49000119
003 - CONTROL NUMBER IDENTIFIER
control field DLC
005 - DATE AND TIME OF LATEST TRANSACTION
control field 20260227111355.0
008 - FIXED-LENGTH DATA ELEMENTS--GENERAL INFORMATION
fixed length control field 790220s1948 ksua b s000 0 eng c
010 ## - LIBRARY OF CONGRESS CONTROL NUMBER
LC control number gs 49000119
035 ## - SYSTEM CONTROL NUMBER
System control number (OCoLC)4672691
040 ## - CATALOGING SOURCE
Original cataloging agency U.S. Geol. Survey. Libr.
Transcribing agency NbWayS
Modifying agency OCoLC
-- K
-- DLC
042 ## - AUTHENTICATION CODE
Authentication code premarc
050 00 - LIBRARY OF CONGRESS CALL NUMBER
Classification number QE445
Item number .K3
082 ## - DEWEY DECIMAL CLASSIFICATION NUMBER
Classification number 552
086 0# - GOVERNMENT DOCUMENT CLASSIFICATION NUMBER
Classification number E 54.2:R 683/1948
Number source ksdocs
110 2# - MAIN ENTRY--CORPORATE NAME
Corporate name or jurisdiction name as entry element Kansas Geological Survey
245 10 - TITLE STATEMENT
Title Kansas rocks and minerals
Statement of responsibility, etc. [by] Laura Lu Tolsted and Ada Swineford.
260 ## - PUBLICATION, DISTRIBUTION, ETC.
Place of publication, distribution, etc. Lawrence
Date of publication, distribution, etc. [1948]
300 ## - PHYSICAL DESCRIPTION
Extent 54 p.
Other physical details illus.
Dimensions 22 cm.
500 ## - GENERAL NOTE
General note Cover title.
504 ## - BIBLIOGRAPHY, ETC. NOTE
Bibliography, etc. note "References": p. 50.
650 #0 - SUBJECT ADDED ENTRY--TOPICAL TERM
Topical term or geographic name entry element Petrology
Geographic subdivision Kansas.
650 #0 - SUBJECT ADDED ENTRY--TOPICAL TERM
Topical term or geographic name entry element Mineralogy
Geographic subdivision Kansas.
700 1# - ADDED ENTRY--PERSONAL NAME
Personal name Tolsted, Laura Lu.
700 1# - ADDED ENTRY--PERSONAL NAME
Personal name Swineford, Ada,
Dates associated with a name 1917-

No items available.

Powered by Koha